01139 a2200229 45000010006000000050017000060080041000230030015000640400040000790800104001192450069002232640038002923000019003305050345003490410008006941000022007027000023007247000025007477000020007727000018007928560099008104700520260407155739.0260407a1970 arg spa dAR-UNSa-BCEJYS aAR-UNSa-BCEJYSbspacAR-UNSa-BCEJYS a330.1xCiencia económica. Conceptos fundamentales de teoría económica. Valor. Capital. Fondos10aPanoramas contemporáneos de la teoría económicapVolumen I 1aMadrid :bAlianza Editorialc1970 a328 p.c20 cm. a1.Teoría y política monetaria / Harry G. Johnson - 2. Una visión panorámica de la teoría de la inflación / Martín Bronfenbrenner y Franklyn D. Holzman - 3. Teorías recientes relativas a la naturaleza y el papel del interés /G. L. S. Shackle - 4. Panorama de la teoría económica del bienestar, 1939-59 / E. J. Mishan -  aspa1 aJohnson, Harry G.1 aBronfenbrenner, M.1 aHolzman, Franklyn D.1 aShackle, G.L.S.1 aMishan, E. J.41uhttps://www.biblioeco.unsa.edu.ar/pmb/images/libros/L127371.jpgyImagen de portadaqimage/jpeg